[Event "Last man standing - the return"]
[Site "SchemingMind.com"]
[Date "2013.11.07"]
[Round "-"]
[White "Paul7926"]
[Black "emvarela"]
[Result "0-1"]
[WhiteCountry "ENG"]
[BlackCountry "ARG"]
[WhiteElo "1344"]
[WhiteRD "84"]
[BlackElo "1674"]
[BlackRD "46"]
[GameID "341241"]

1. d4 Nf6 2. c4 e6 3. Nf3 Bb4+ 4. Nc3 c5 5. e3 Nc6 6. a3 Bxc3+ 7. bxc3 cxd4 8. cxd4 Ne4 9. Bd3 Qa5+ 10. Bd2 Nxd2
11. Nxd2 d5 12. O-O dxc4 13. Bxc4 b5 14. Nb3 Qa4 15. Be2 Bd7 16. Nc5 Qxd1 17. Rfxd1 a6 18. Nxd7 Kxd7 19. d5 Ne7 20. dxe6+ Kxe6
21. Rd4 Rhd8 22. a4 Rxd4 23. exd4 bxa4 24. Rxa4 a5 25. Bc4+ Nd5 26. g4 g5 27. Bd3 Nb6 28. Ra2 h6 29. Rb2 Nd7 30. Bf5+ Ke7
31. Rb7 Rd8 32. Ra7 Ke8 33. Rxa5 Nf6 34. Ra4 Nd5 35. Kf1 Nf4 36. f3 Ne6 37. Bxe6 fxe6 38. Ke2 Kf7 39. Ke3 Kf6 40. Ke4 Rc8
41. f4 gxf4 42. Kxf4 Rc1 43. Ra3 Rd1 44. Ke4 Rd2 45. h4 Rh2 46. h5 Kg5 47. Ra5+ Kxg4 48. Re5 Re2+ 49. Kd3 Rxe5 50. dxe5= Kxh5
0-1

[Event "Last man standing - the return"]
[Site "SchemingMind.com"]
[Date "2013.11.07"]
[Round "-"]
[White "emvarela"]
[Black "Paul7926"]
[Result "1-0"]
[WhiteCountry "ARG"]
[BlackCountry "ENG"]
[WhiteElo "1683"]
[WhiteRD "48"]
[BlackElo "1338"]
[BlackRD "82"]
[GameID "341243"]

1. e4 Nc6 2. d4 d5 3. e5 Bf5 4. c3 f6 5. Bd3 Bxd3 6. Qxd3 fxe5 7. dxe5 Nxe5 8. Qb5+ c6 9. Qe2 Qd6 10. Nf3 Nxf3+
11. Qxf3 Qe6+ 12. Be3 Nf6 13. Nd2 h5 14. h3 g6 15. O-O Bh6 16. Bxh6 Rxh6 17. Rfe1 Qd6 18. Qe3 Rh7 19. Nf3 b6 20. Ng5 Rg7
21. Qe6 Qxe6 22. Nxe6 Rf7 23. Nc7+ Kf8 24. Nxa8 Kg7 25. Nc7 a5 26. Ne6+ Kh6 27. Nd8 Rf8 28. Nxc6 e6 29. Rxe6 Ne4 30. f3 Ng5
31. Ne5 Rg8 32. Rxb6 a4 33. h4 Nxf3+ 34. gxf3
1-0

[Event "Last man standing - the return"]
[Site "SchemingMind.com"]
[Date "2013.11.04"]
[Round "-"]
[White "alexyongpohweng"]
[Black "Michal Drus"]
[Result "0-1"]
[WhiteCountry "MAS"]
[BlackCountry "POL"]
[WhiteElo "1329"]
[WhiteRD "44"]
[BlackElo "1600"]
[BlackRD "63"]
[GameID "341348"]

1. e4 c5 2. Bc4 e6 3. Nf3 Nc6 4. O-O d6 5. Nc3 Nf6 6. a3 Be7 7. Na2 Nxe4 8. d3 Ng5 9. Nxg5 Bxg5 10. Bxg5 Qxg5
11. Qf3 Ne5 12. Qg3 Qxg3 13. hxg3 Nxc4 14. dxc4 Bd7 15. f3 O-O-O 16. b4 Ba4 17. bxc5 Bxc2 18. cxd6 Rxd6 19. Nb4 Bb3 20. Rfe1 Bxc4
21. Nc2 Rhd8 22. Ne3 Bb3 23. Ng4 Rd1 24. Rexd1 Rxd1+ 25. Rxd1 Bxd1 26. Ne3 Bb3 27. Nf1 h5 28. Nd2 Bd5 29. f4 Kc7 30. Kf2 b5
31. Nf3 a5 32. Nd2 b4 33. axb4 a4 34. Nb1 Kb6 35. Na3 Bb3 36. Ke3 Kc6 37. Kd3 Bd5 38. Kd4 Bxg2 39. b5+ Kb6 40. Kc4 Bd5+
41. Kb4 Bb3 42. Kc3 f6 43. Kb4 e5 44. Kc3 exf4 45. gxf4 h4 46. Kd3 h3
0-1

[Event "Last man standing - the return"]
[Site "SchemingMind.com"]
[Date "2013.11.05"]
[Round "-"]
[White "Michal Drus"]
[Black "alexyongpohweng"]
[Result "1-0"]
[WhiteCountry "POL"]
[BlackCountry "MAS"]
[WhiteElo "1583"]
[WhiteRD "69"]
[BlackElo "1324"]
[BlackRD "46"]
[GameID "341354"]

1. e4 e5 2. Nf3 d6 3. d4 exd4 4. Nxd4 Nf6 5. Nc3 g6 6. Bc4 Bg7 7. Bg5 O-O 8. Qf3 Nbd7 9. Nd5 c6 10. Nxf6+ Nxf6
11. O-O-O b5 12. Nxc6 Qc7 13. Bxf6 Qxc6 14. Be7 Re8 15. Qxf7+
1-0

[Event "Last man standing - the return"]
[Site "SchemingMind.com"]
[Date "2013.11.08"]
[Round "-"]
[White "muetoe"]
[Black "John Hamer"]
[Result "0-1"]
[WhiteCountry "GER"]
[BlackCountry "ENG"]
[WhiteElo "2024"]
[WhiteRD "89"]
[BlackElo "2056"]
[BlackRD "65"]
[GameID "341478"]

1. e4 c6 2. d4 d5 3. Nc3 e6 4. Nf3 Bb4 5. Bd3 Nd7 6. O-O Bxc3 7. bxc3 dxe4 8. Bxe4 Ngf6 9. Bd3 O-O 10. Re1 c5
0-1

[Event "Last man standing - the return"]
[Site "SchemingMind.com"]
[Date "2013.11.08"]
[Round "-"]
[White "John Hamer"]
[Black "muetoe"]
[Result "1-0"]
[WhiteCountry "ENG"]
[BlackCountry "GER"]
[WhiteElo "2056"]
[WhiteRD "65"]
[BlackElo "2024"]
[BlackRD "89"]
[GameID "341481"]

1. d4 Nf6 2. c4 e6 3. Nc3 Bb4 4. Qc2 d5 5. cxd5 c5 6. dxc5 Nxd5 7. Bd2 Bxc5 8. Nxd5 Qxd5 9. e4 Qc6 10. Rc1 Be7
11. Qb1
1-0

[Event "Last man standing - the return"]
[Site "SchemingMind.com"]
[Date "2013.11.11"]
[Round "-"]
[White "GBEDARD"]
[Black "Olli Ylönen"]
[Result "1-0"]
[WhiteCountry "USA"]
[BlackCountry "FIN"]
[WhiteElo "2116"]
[WhiteRD "76"]
[BlackElo "1799"]
[BlackRD "63"]
[GameID "341496"]

1. e4 e5 2. Nf3 Nf6 3. d4 Nxe4 4. Bd3 d5 5. Nxe5 Nd7 6. Nxd7 Bxd7 7. O-O Bd6 8. c4 c6 9. cxd5 cxd5 10. Nc3 Nxc3
11. bxc3 O-O 12. Qh5 g6 13. Qxd5 Qc7 14. c4 Bxh2+ 15. Kh1 Bc6 16. Qg5 Bd6 17. Qf6 Be7 18. Qf4 Qxf4 19. Bxf4 Bf6 20. d5 Bxa1
21. dxc6 b6 22. Rxa1 f5 23. c5 bxc5 24. c7 Rac8 25. Ba6 g5 26. Rd1 Rce8 27. Bxg5
1-0

[Event "Last man standing - the return"]
[Site "SchemingMind.com"]
[Date "2013.11.11"]
[Round "-"]
[White "Olli Ylönen"]
[Black "GBEDARD"]
[Result "0-1"]
[WhiteCountry "FIN"]
[BlackCountry "USA"]
[WhiteElo "1799"]
[WhiteRD "63"]
[BlackElo "2116"]
[BlackRD "76"]
[GameID "341501"]

1. d4 Nf6 2. c4 e6 3. g3 d5 4. Bg2 dxc4 5. Nf3 a6 6. O-O Nc6 7. e3 Bd7 8. Qe2 b5 9. Rd1 Be7 10. Nc3 Nd5
11. Nxd5 exd5 12. e4 Be6 13. Ng5 Qd7 14. Nxe6 Qxe6 15. Qf3 Qf6 16. Qxf6 Bxf6 17. exd5 Nxd4 18. d6 O-O-O 19. Bh3+ Kb7 20. d7 Ne2+
21. Kf1 Nxc1 22. Raxc1 Bxb2 23. Rc2 Bf6 24. a4 c5 25. axb5 axb5 26. Bg2+ Kb6 27. Rd6+ Ka5 28. Rc6 Rxd7 29. Rxc5 Kb4 30. Rd5 Rhd8
0-1

[Event "Last man standing - the return"]
[Site "SchemingMind.com"]
[Date "2013.11.11"]
[Round "-"]
[White "Clive Everill"]
[Black "Simon Green"]
[Result "1/2-1/2"]
[WhiteCountry "CZE"]
[BlackCountry "ENG"]
[WhiteElo "1735"]
[WhiteRD "53"]
[BlackElo "1618"]
[BlackRD "61"]
[GameID "341713"]

1. e4 e6 2. d4 d5 3. Nd2 Nf6 4. e5 Nfd7 5. c3 c5 6. Bd3 c4 7. Bc2 b5 8. a3 Be7 9. f4 O-O 10. Qh5 h6
11. Ngf3 f5 12. h4 Qe8 13. Qxe8 Rxe8 14. Nf1 Nc6 15. Bd2 a5 16. Rg1 h5 17. Ng5 Bxg5 18. hxg5 g6 19. Nh2 a4 20. Nf3 Na5
21. Be3 Nb3 22. Rd1 Nb6 23. Nh4 Kg7 24. Ke2 Bd7 25. Rh1 Rh8 26. Rh2 Be8 27. Rdh1 Bf7 28. Nf3 Nd7 29. Nh4 Nf8=
1/2-1/2

[Event "Last man standing - the return"]
[Site "SchemingMind.com"]
[Date "2013.11.11"]
[Round "-"]
[White "Simon Green"]
[Black "Clive Everill"]
[Result "1/2-1/2"]
[WhiteCountry "ENG"]
[BlackCountry "CZE"]
[WhiteElo "1618"]
[WhiteRD "61"]
[BlackElo "1735"]
[BlackRD "53"]
[GameID "341720"]

1. d4 d5 2. e3 Nf6 3. Bd3 c5 4. c3 Nc6 5. f4 g6 6. Nf3 Bf5 7. O-O Bxd3 8. Qxd3 c4 9. Qe2 Bg7 10. Nbd2 O-O
11. Ne5 Na5 12. Ndf3 h6 13. h3 Ne4 14. Nd2 Ng3 15. Qg4 Nxf1 16. Kxf1 h5 17. Qg3 e6 18. Kf2 Bf6 19. Ndf3 Rb8 20. Nxg6 fxg6
21. Qxg6+ Kh8 22. Qh6+ Kg8 23. Qg6+ Kh8=
1/2-1/2

[Event "Last man standing - the return"]
[Site "SchemingMind.com"]
[Date "2013.11.14"]
[Round "-"]
[White "gbox"]
[Black "James Reed"]
[Result "1-0"]
[WhiteCountry "CAY"]
[BlackCountry "ENG"]
[WhiteElo "1528"]
[WhiteRD "168"]
[BlackElo "1451"]
[BlackRD "66"]
[GameID "341831"]

1. e4 c5 2. d4 cxd4 3. Qxd4 Nc6 4. Qd1 Nf6 5. Nc3 e6 6. Nf3 Bb4 7. Bg5 h6 8. e5 Nxe5 9. Nxe5 d6 10. Bb5+ Bd7
11. Bxd7+ Ke7 12. Bxf6+ Kf8 13. Bxd8 dxe5 14. Bb5 a6 15. Be7+ Kxe7 16. Qd7+
1-0

[Event "Last man standing - the return"]
[Site "SchemingMind.com"]
[Date "2013.11.13"]
[Round "-"]
[White "James Reed"]
[Black "gbox"]
[Result "1-0"]
[WhiteCountry "ENG"]
[BlackCountry "CAY"]
[WhiteElo "1443"]
[WhiteRD "62"]
[BlackElo "1421"]
[BlackRD "130"]
[GameID "341836"]

1. e4 e5 2. Nf3 Nc6 3. Bb5 f6 4. d4 d5 5. Nc3 a6 6. Bxc6+ bxc6 7. h3 c5 8. exd5 cxd4 9. Ne2 Qxd5 10. O-O Bb7
11. c3 e4 12. Nfxd4 e3 13. f3 Qe5 14. f4 Qd5 15. Nf3 Qe4 16. Qd4 Qg6 17. Qxe3+ Be7 18. Nh4 Qh5 19. Nf3 O-O-O 20. a3 Bc5
21. Ned4 Re8 22. Qd3 Re4 23. Re1 Qg6 24. Rxe4 Bxe4 25. Qe2 Bxf3 26. Qxf3 f5 27. b4 Bb6 28. Be3 Ne7 29. a4 Re8 30. Qa8+ Kd7
31. Qxa6 Nd5 32. Qb5+ Kd6 33. Qc6+ Ke7 34. Qxd5 Kf8 35. Kf2 Re7 36. a5 Ba7 37. Qa8+ Qe8 38. Qxe8+ Rxe8 39. a6 c6 40. Nxf5 Re4
41. Bxa7 Rxf4+ 42. Kg3 Rxf5 43. c4 Rf7 44. Bc5+ Ke8 45. a7 Rxa7 46. Rxa7 g5 47. Rxh7 Kd8 48. Kg4
1-0

[Event "Last man standing - the return"]
[Site "SchemingMind.com"]
[Date "2013.11.16"]
[Round "-"]
[White "kenneth m day"]
[Black "clario"]
[Result "0-1"]
[WhiteCountry "USA"]
[BlackCountry "RSA"]
[WhiteElo "1756"]
[WhiteRD "49"]
[BlackElo "2019"]
[BlackRD "89"]
[GameID "341917"]

1. e4 c5 2. d4 cxd4 3. c3 dxc3 4. Nxc3 Nc6 5. Nf3 e6 6. Bc4 Bb4 7. O-O Nf6 8. Qe2 Ng4 9. Bf4 O-O 10. Rfd1 Qf6
11. Bg5 Qg6 12. h3 Nge5 13. Be3 Bxc3 14. bxc3 Qxe4 15. Bb3 Nxf3+ 16. Qxf3 Qxf3 17. gxf3 d5 18. Kh2 Na5 19. Bc2 Bd7 20. Rg1 f6
21. Rg3 g6 22. Rb1 Rfc8 23. Bd2 Nc4 24. Bh6 Rc7 25. h4 Na3 26. Rb2 Nxc2 27. Rxc2 d4 28. Bd2 Rac8 29. f4 Kf7 30. Rd3 e5
31. fxe5 Bf5
0-1

[Event "Last man standing - the return"]
[Site "SchemingMind.com"]
[Date "2013.11.14"]
[Round "-"]
[White "clario"]
[Black "kenneth m day"]
[Result "1-0"]
[WhiteCountry "RSA"]
[BlackCountry "USA"]
[WhiteElo "1993"]
[WhiteRD "89"]
[BlackElo "1764"]
[BlackRD "48"]
[GameID "341922"]

1. d4 Nf6 2. c4 e6 3. Nc3 Bb4 4. Qc2 O-O 5. a3 Bxc3+ 6. Qxc3 b6 7. Nf3 Bb7 8. Bg5 d6 9. e3 Nbd7 10. Bd3 c5
11. O-O Bxf3 12. gxf3 cxd4 13. Qxd4 Qe7 14. Kh1 Rac8 15. Qh4 h6 16. Bxh6 Ne5 17. Rg1 Ng6 18. Bxg6 fxg6 19. Rxg6 Rf7 20. Rag1 Rc7
21. Rxg7+ Rxg7 22. Bxg7 Qxg7 23. Qxf6 Qxg1+ 24. Kxg1
1-0

[Event "Last man standing - the return"]
[Site "SchemingMind.com"]
[Date "2013.11.16"]
[Round "-"]
[White "lemme howdt"]
[Black "wight knight"]
[Result "1-0"]
[WhiteCountry "USA"]
[BlackCountry "ENG"]
[WhiteElo "1651"]
[WhiteRD "75"]
[BlackElo "1408"]
[BlackRD "60"]
[GameID "342037"]

1. e4 e5 2. Nf3 f6 3. Bc4 Nc6 4. c3 Bc5 5. d4 exd4 6. cxd4 Bb4+ 7. Nc3 Bxc3+ 8. bxc3 d6 9. O-O Bg4 10. h3 Bxf3
11. Qxf3 a6 12. Re1 Nge7 13. e5 dxe5 14. d5 Na5 15. Bd3 Nxd5 16. Bb2 Nf4 17. Rad1 Qe7 18. Bc2 O-O 19. Qxf4 exf4 20. Rxe7 c5
21. Rdd7 Rf7 22. Rxf7 Nc6 23. Rxg7+ Kf8 24. Bxh7 Ke8 25. Rxb7 Rd8 26. Rg8#
1-0

[Event "Last man standing - the return"]
[Site "SchemingMind.com"]
[Date "2013.11.16"]
[Round "-"]
[White "clare1347"]
[Black "dadshane2000"]
[Result "1-0"]
[WhiteCountry "ENG"]
[BlackCountry "USA"]
[WhiteElo "2116"]
[WhiteRD "87"]
[BlackElo "1941"]
[BlackRD "82"]
[GameID "342038"]

1. e4 e5 2. f4 Bc5 3. Nc3 d6 4. Nf3 Nc6 5. Na4 Bg4 6. h3 Bxf3 7. Qxf3 Bb6 8. fxe5 Nxe5 9. Qg3 Qf6 10. Nxb6 axb6
11. d3 Ne7 12. c3 Qg6 13. Qxg6 N7xg6 14. d4 Nc6 15. Bd3 Nge7 16. O-O h6 17. Be3 O-O 18. a3 d5 19. Bf4 dxe4 20. Bxe4 Rac8
21. Rae1 f5 22. Bb1 g5 23. Ba2+ Kh7 24. Bh2 f4 25. d5
1-0

[Event "Last man standing - the return"]
[Site "SchemingMind.com"]
[Date "2013.11.16"]
[Round "-"]
[White "wight knight"]
[Black "lemme howdt"]
[Result "0-1"]
[WhiteCountry "ENG"]
[BlackCountry "USA"]
[WhiteElo "1408"]
[WhiteRD "60"]
[BlackElo "1651"]
[BlackRD "75"]
[GameID "342042"]

1. e4 e5 2. Bc4 Nc6 3. c3 Bc5 4. Qf3 Nf6 5. d3 h6 6. g4 d6 7. g5 hxg5 8. Bxg5 Bg4 9. Bxf6 Bxf3 10. Bxd8 Bxh1
11. Bg5 Rxh2 12. Nd2 Bxf2+ 13. Kd1 Bxg1 14. Kc2 Rg2 15. Bh4 Be3 16. Rxh1 Rxd2+ 17. Kb3 Na5+ 18. Ka4 Nxc4 19. dxc4 Rxb2 20. Ka3 Rg2
21. Be1 O-O-O 22. Rf1 f6 23. Rf3 Bc1+ 24. Kb3 Rb2+ 25. Ka4 d5 26. cxd5 Rd6 27. c4 Ra6+ 28. Ba5 Rxa2+ 29. Kb4 R6xa5 30. c5 R5a4+
31. Kb3 R4a3+ 32. Kc4 Rxf3 33. d6 c6 34. d7+ Kxd7 35. Kb4 Bd2+ 36. Kc4 Ra4#
0-1

[Event "Last man standing - the return"]
[Site "SchemingMind.com"]
[Date "2013.11.16"]
[Round "-"]
[White "dadshane2000"]
[Black "clare1347"]
[Result "0-1"]
[WhiteCountry "USA"]
[BlackCountry "ENG"]
[WhiteElo "1941"]
[WhiteRD "82"]
[BlackElo "2116"]
[BlackRD "87"]
[GameID "342043"]

1. e4 c5 2. Nf3 d6 3. d4 cxd4 4. Nxd4 Nf6 5. Nc3 a6 6. Be3 e5 7. Nb3 Be7 8. f3 Be6 9. Qd2 O-O 10. O-O-O a5
11. Bb5 Na6 12. g4 Rc8 13. Bxa6 bxa6 14. Na4 Rc4 15. Bb6 Qb8 16. Qxa5 Rxa4 17. Qxa4 Qxb6 18. Nd2 Rb8 19. b3 d5 20. exd5 Nxd5
21. Nc4 Qf2 22. Rxd5 Bxd5 23. Nd2 Bg5 24. Rd1 Bxf3
0-1

[Event "Last man standing - the return"]
[Site "SchemingMind.com"]
[Date "2013.11.19"]
[Round "-"]
[White "jjb091"]
[Black "Iucounu"]
[Result "1-0"]
[WhiteCountry "USA"]
[BlackCountry "ENG"]
[WhiteElo "1735"]
[WhiteRD "79"]
[BlackElo "1289"]
[BlackRD "49"]
[GameID "342079"]

1. e4 d5 2. exd5 Qxd5 3. Nf3 Nf6 4. d4 Bg4 5. Be2 Nc6 6. c4 Qh5 7. Be3 O-O-O 8. O-O e6 9. h3 Bxf3 10. Bxf3 Qg6
11. h4 h5 12. Qb3 Ne4 13. Na3
1-0

[Event "Last man standing - the return"]
[Site "SchemingMind.com"]
[Date "2013.11.17"]
[Round "-"]
[White "Phillip Beckett"]
[Black "Teagy"]
[Result "0-1"]
[WhiteCountry "ENG"]
[BlackCountry "ENG"]
[WhiteElo "1562"]
[WhiteRD "50"]
[BlackElo "1837"]
[BlackRD "75"]
[GameID "342080"]

1. e4 e6 2. d4 d5 3. Nd2 Be7 4. exd5 exd5 5. Ngf3 Nf6 6. Bd3 O-O 7. O-O h6 8. c3 Be6 9. Re1 Nbd7 10. Ne5 Nxe5
11. Rxe5 Bd6 12. Re1 c6 13. Qc2 Rc8 14. Nf3 c5 15. Be3 c4 16. Be2 Ne4 17. Nd2 f5 18. f3 Nxd2 19. Qxd2 f4 20. Bf2 Qf6
21. Bf1 g5 22. Qe2 Rce8 23. Qc2 a6 24. Rad1 h5 25. Qd2 Re7 26. Re2 g4 27. Rde1 g3 28. hxg3 fxg3 29. Be3 Qh4
0-1

[Event "Last man standing - the return"]
[Site "SchemingMind.com"]
[Date "2013.11.19"]
[Round "-"]
[White "Iucounu"]
[Black "jjb091"]
[Result "0-1"]
[WhiteCountry "ENG"]
[BlackCountry "USA"]
[WhiteElo "1289"]
[WhiteRD "49"]
[BlackElo "1735"]
[BlackRD "79"]
[GameID "342081"]

1. e4 c5 2. d4 cxd4 3. c3 dxc3 4. Nxc3 Nc6 5. Nf3 d6 6. Bc4 e6 7. O-O Be7 8. Qe2 Nf6 9. Rd1 e5 10. h3 O-O
0-1

[Event "Last man standing - the return"]
[Site "SchemingMind.com"]
[Date "2013.11.17"]
[Round "-"]
[White "Teagy"]
[Black "Phillip Beckett"]
[Result "1-0"]
[WhiteCountry "ENG"]
[BlackCountry "ENG"]
[WhiteElo "1832"]
[WhiteRD "79"]
[BlackElo "1543"]
[BlackRD "52"]
[GameID "342082"]

1. e4 e5 2. f4 Qh4+ 3. g3 Qe7 4. Nc3 exf4 5. d4 fxg3 6. hxg3 c6 7. Bh3 Na6 8. Nf3 d5 9. Qe2 dxe4 10. Nxe4 Bxh3
11. Rxh3 f5 12. Nd6+ Kd7 13. Nf7 Qxe2+ 14. Kxe2 Re8+ 15. Kf2 Nf6 16. N3e5+ Ke6 17. Nxh8 Bd6 18. Nhf7 Re7 19. Ng5+ Kd5 20. c4+ Kxd4
21. Ngf3+ Kc5 22. Be3+ Kb4 23. a3+ Kb3 24. Bd4 c5 25. Bc3 Ne4+ 26. Kg2 Nxc3 27. bxc3 Bxe5 28. Nxe5 Rxe5 29. Rxh7 Re2+ 30. Kf3 Rc2
31. Rxg7 Rxc3+ 32. Kf4 Kb2 33. Re1 Kxa3 34. Rxb7 Nb4 35. Rxa7+ Kb2 36. Re2+ Kb3 37. Re3 Rxe3 38. Kxe3 Kxc4 39. Kf4 Kd4 40. Kxf5 Nd5
41. Rd7 Kc4 42. Ke5 Ne3 43. Ke4 Nf1 44. g4 Nd2+ 45. Rxd2
1-0

[Event "Last man standing - the return"]
[Site "SchemingMind.com"]
[Date "2013.11.21"]
[Round "-"]
[White "Black Five"]
[Black "cnbcad"]
[Result "1-0"]
[WhiteCountry "WLS"]
[BlackCountry "USA"]
[WhiteElo "1783"]
[WhiteRD "107"]
[BlackElo "1584"]
[BlackRD "65"]
[GameID "342212"]

1. d4 d5 2. c4 c6 3. Nc3 Nf6 4. Nf3 Nbd7 5. cxd5 Nxd5 6. e4 Nxc3 7. bxc3 g6 8. Be2 Bg7 9. Bg5 O-O 10. O-O b5
11. a4 f6 12. Bh4 bxa4 13. Qxa4 Nb6 14. Qxc6 Bd7 15. Qc5 Rc8 16. Qb4 Ra8 17. c4 Bg4 18. c5 Nd7 19. Ra5 Nb8 20. d5 Nd7
21. Bg3 Bxf3 22. Bxf3 Re8 23. c6 Ne5 24. Bxe5 fxe5 25. Rfa1 Qc7 26. Bg4 Reb8 27. Be6+ Kh8 28. Qe1 Bf6 29. g3 Kg7 30. Qc3 Kh8
31. Qa3 Kg7 32. Kg2 Qb6 33. Rxa7 Rxa7 34. Qxa7
1-0

[Event "Last man standing - the return"]
[Site "SchemingMind.com"]
[Date "2013.11.20"]
[Round "-"]
[White "black cloud"]
[Black "Arcenio Acacio"]
[Result "1-0"]
[WhiteCountry "ENG"]
[BlackCountry "VEN"]
[WhiteElo "1960"]
[WhiteRD "114"]
[BlackElo "1760"]
[BlackRD "91"]
[GameID "342213"]

1. d4 Nf6 2. Nf3 e6 3. Bf4 Be7 4. c4 c5 5. e3 O-O 6. Nc3 d5 7. dxc5 Bxc5 8. Qc2 Nc6 9. a3 dxc4 10. Bxc4 Bd7
11. O-O Qe7 12. b4 Bd6 13. Bxd6 Qxd6 14. Ne4 Nxe4 15. Qxe4 Qe7 16. Bd3 f5 17. Qc4 Kh8 18. e4 Rac8 19. Qb3 Qf6 20. exf5 exf5
21. Rad1 Be8 22. Bb1 Bf7 23. Qd3 Bg6 24. Qb3 Ne5 25. Nxe5 Qxe5 26. Rfe1 Qc3 27. Qa4 a6 28. h3 Rfd8 29. b5 Rf8 30. bxa6 bxa6
31. Qxa6 Ra8 32. Qd6 Rae8 33. Rxe8 Rxe8 34. Qb4 Qe5 35. a4 Qe2 36. Rf1 Rd8 37. a5 h5 38. Qb6 Rd1 39. Rxd1 Qxd1+ 40. Kh2
1-0

[Event "Last man standing - the return"]
[Site "SchemingMind.com"]
[Date "2013.11.22"]
[Round "-"]
[White "kubinet"]
[Black "nammy"]
[Result "1-0"]
[WhiteCountry "GER"]
[BlackCountry "ENG"]
[WhiteElo "1642"]
[WhiteRD "58"]
[BlackElo "889"]
[BlackRD "70"]
[GameID "342214"]

1. e4 Nc6 2. d4 Na5 3. Bd2 d6 4. Bxa5 b6 5. Bd2 f6 6. Bc4 Nh6 7. Nf3 g6 8. O-O Qd7 9. Re1 c6 10. e5 f5
11. Ng5 a6 12. e6 Qc7 13. Bb3 Ng4 14. h3 Bb7 15. hxg4 Kd8 16. Nf7+ Ke8 17. Nxh8 Bg7 18. Nf7 Bxd4 19. Bc3 Bc5 20. gxf5 gxf5
21. Qh5 b5 22. Qxh7 d5 23. Qg8#
1-0

[Event "Last man standing - the return"]
[Site "SchemingMind.com"]
[Date "2013.11.21"]
[Round "-"]
[White "cnbcad"]
[Black "Black Five"]
[Result "0-1"]
[WhiteCountry "USA"]
[BlackCountry "WLS"]
[WhiteElo "1584"]
[WhiteRD "65"]
[BlackElo "1783"]
[BlackRD "107"]
[GameID "342216"]

1. Nf3 d5 2. d4 Nf6 3. g3 e6 4. Bg2 c5 5. O-O cxd4 6. Nxd4 Nc6 7. Nxc6 bxc6 8. Nd2 Be7 9. b3 O-O 10. Bb2 Ba6
11. a4 Qc7 12. Re1 Rfd8 13. Nf3 Nd7 14. e3 Bf6 15. Bxf6 Nxf6 16. Qc1 Ne4 17. Nd4 Nf6 18. c4 Rdc8 19. b4 Bxc4 20. e4 Qb6
21. Nc2 Rab8 22. a5 Qd8 23. e5 Nd7
0-1

[Event "Last man standing - the return"]
[Site "SchemingMind.com"]
[Date "2013.11.20"]
[Round "-"]
[White "Arcenio Acacio"]
[Black "black cloud"]
[Result "0-1"]
[WhiteCountry "VEN"]
[BlackCountry "ENG"]
[WhiteElo "1760"]
[WhiteRD "91"]
[BlackElo "1960"]
[BlackRD "114"]
[GameID "342217"]

1. e4 e5 2. Nf3 Nc6 3. Bc4 Nf6 4. Ng5 d5 5. exd5 Na5 6. Bb5+ c6 7. dxc6 bxc6 8. Ba4 h6 9. Nf3 e4 10. Ng1 Bc5
11. d4 exd3 12. cxd3 O-O 13. Ne2 Bg4 14. f3 Bf5 15. Bc2 Re8 16. Nc3 Nb7 17. Bf4 Nd6 18. Qd2 Bg6 19. O-O-O Nh5 20. Bxd6 Be3
21. Bf4 Nxf4 22. Nxf4 Bxd2+ 23. Rxd2 Bh7 24. Rhd1 Rb8 25. g3 Qb6 26. Bb3 Re7 27. d4 Reb7 28. d5 cxd5 29. Nfxd5 Qa5 30. Nf4 Rxb3
31. Rd8+ Rxd8 32. Rxd8+ Qxd8 33. axb3 Qb6 34. Nfd5 Qg1+ 35. Kd2 Qf2+
0-1

[Event "Last man standing - the return"]
[Site "SchemingMind.com"]
[Date "2013.11.21"]
[Round "-"]
[White "nammy"]
[Black "kubinet"]
[Result "1-0"]
[WhiteCountry "ENG"]
[BlackCountry "GER"]
[WhiteElo "960"]
[WhiteRD "77"]
[BlackElo "1188"]
[BlackRD "45"]
[GameID "342218"]

1. d4 d5 2. b3 Nf6 3. f3 e6 4. Bf4 Bd6 5. Be3 O-O 6. g3 Qe7 7. Nd2 c5 8. c3 Nc6 9. a3 cxd4 10. cxd4 Bxa3
11. Ra2 Bb4 12. Bh3 Bd7 13. Kf1 a5 14. Nb1 Na7 15. Bf2 Rfc8 16. e3 Bb5+ 17. Kg2 Rc7 18. g4 h6 19. f4 Nc8 20. Bh4 Qd8
21. Kg3 Nd6 22. Nf3 Nfe4+ 23. Kg2 Qd7 24. Ne5 Qe8 25. Qf3 f6 26. Rd1 fxe5 27. f5 exf5 28. gxf5 Rf7 29. Qh5 Nf6 30. Qf3 exd4
31. exd4 Nfe4 32. Rc2 a4 33. Rb2 a3 34. Rc2 a2 35. Qh5 a1=Q 36. Rdc1 Qxd4 37. Kh1 Bd3 38. Rg2 Kh8 39. Rg4 Nxf5 40. Rf4 Nf2+
41. Bxf2 Qxf4 42. Rg1 Be4+ 43. Bg2 Qxf2 44. Qd1 Bxg2+ 45. Rxg2 Qee1+ 46. Qxe1 Qxe1+ 47. Rg1 Qe4+ 48. Rg2 Qxb1+ 49. Rg1 Qxb3 50. Rc1 Qf3+
51. Kg1
1-0

[Event "Last man standing - the return"]
[Site "SchemingMind.com"]
[Date "2013.11.23"]
[Round "-"]
[White "maro"]
[Black "Phil Cook"]
[Result "0-1"]
[WhiteCountry "MEX"]
[BlackCountry "NZL"]
[WhiteElo "1442"]
[WhiteRD "56"]
[BlackElo "2232"]
[BlackRD "117"]
[GameID "342291"]

1. e4 e5 2. d4 exd4 3. Qxd4 Nf6 4. Bb5 a6 5. Bc4 Nc6 6. Qe3 Bb4+ 7. Bd2 O-O 8. e5 Bxd2+ 9. Nxd2 Nxe5 10. Ngf3 Nxc4
11. Nxc4 Re8 12. Nfe5 d6 13. Rd1 Ng4 14. Qe2 Bd7 15. Qf3 Nxe5 16. Nxe5 Rxe5+ 17. Kf1 Bb5+ 18. Kg1 Be2 19. Qd3 Bxd3 20. cxd3 Qf6
0-1

[Event "Last man standing - the return"]
[Site "SchemingMind.com"]
[Date "2013.11.22"]
[Round "-"]
[White "Phil Cook"]
[Black "maro"]
[Result "1-0"]
[WhiteCountry "NZL"]
[BlackCountry "MEX"]
[WhiteElo "2232"]
[WhiteRD "117"]
[BlackElo "1442"]
[BlackRD "56"]
[GameID "342294"]

1. e4 e5 2. Nf3 Nc6 3. Bb5 a6 4. Bxc6 dxc6 5. O-O Bc5 6. Nxe5 Be6 7. c3 Nf6 8. d4 O-O 9. dxc5 Nxe4 10. Qd4 Qxd4
11. cxd4 b5 12. Re1 Bd5 13. f3 Nf6 14. Nc3 Rad8 15. Bg5 h6 16. Bxf6 gxf6 17. Nxd5 cxd5 18. Nc6 Rd7 19. a4 b4 20. Re7
1-0

[Event "Last man standing - the return"]
[Site "SchemingMind.com"]
[Date "2014.01.14"]
[Round "-"]
[White "Phil Cook"]
[Black "clare1347"]
[Result "1-0"]
[WhiteCountry "NZL"]
[BlackCountry "ENG"]
[WhiteElo "2306"]
[WhiteRD "104"]
[BlackElo "2048"]
[BlackRD "83"]
[GameID "345497"]

1. d4 Nf6 2. Nf3 d5 3. c4 c6 4. e3 Bg4 5. Nc3 e6 6. h3 Bh5 7. Bd3 Nbd7 8. O-O Bd6 9. e4 dxe4 10. Nxe4 Nxe4
11. Bxe4 Nf6 12. Bc2 Bc7 13. g4 Bg6 14. Re1 Qd6 15. Bd2 O-O-O 16. b4 Rde8 17. a4 Kb8 18. Bb1 h5 19. g5 Bxb1 20. Rxb1 Nd7
21. Be3 f5 22. b5 cxb5 23. axb5 f4 24. Bd2 e5 25. c5 Qe6 26. b6 axb6 27. cxb6 Nxb6 28. Nxe5 Qxh3 29. Bxf4 Qf5 30. Qf3 Rxe5
31. dxe5 h4 32. Rxb6 Bxb6 33. e6+
1-0